01375nam a2200241Ia 4500001000900000003001000009008004100019040002500060041001300085100002100098245003600119250001100155260008100166300001200247500026000259501011400519520026000633650002900893942000700922957000600929999004000935952015800975L010-144IT-CnALBA170116s9999||||xx |||||||||||||| ||und|| aIT-CnALBAcIT-CnALBA aITALIANO aBERRUTI GIUSEPPE 0aBIBLIOGRAFIA MARIANA 1952-1957  a1a ed. aROMAbEDIZIONI MARIANUM ROMA'c1959 [1° Ed.:1959 - Ed.Ling.Originale: 1959] a356 p.  aBIBLIOGRAFIA. BIBLIOTECONOMIA. TRATTAZIONI SISTEMATICHE. INTRODUZIONE ALLA MARIOLOGIA. MARIOLOGIA: MAGISTERO ECCLESIASTICO, SACRA SCRITTURA, STUDI E TESTI DELLA TRADIZIONE, PREDESTINAZIONEIMMACOLATA CONCEZIONE. MARIA SS.: PRIVILEGI E ATTRIBUTI VARI, MATER aSocietà San Paolo EM - Piazza San Paolo, 14 - 12051 ALBA (CN) (non commercial uses only) ® Copyright 2017 aBIBLIOGRAFIA. BIBLIOTECONOMIA. TRATTAZIONI SISTEMATICHE. INTRODUZIONE ALLA MARIOLOGIA. MARIOLOGIA: MAGISTERO ECCLESIASTICO, SACRA SCRITTURA, STUDI E TESTI DELLA TRADIZIONE, PREDESTINAZIONEIMMACOLATA CONCEZIONE. MARIA SS.: PRIVILEGI E ATTRIBUTI VARI, MATER aBIBLIOGRAFIE E CATALOGHI cBK 71 a243bNOg Copie: 1 c259381d259381 0010406L_01014471aALBAbALBAd2017-01-16l0oL010-144r2017-01-16 00:00:00w2017-01-16yBKz(data import: 16 gennaio 2017) - By Epidotti, Vaglietti.